| 000 | 00785nam a22001817a 4500 | ||
|---|---|---|---|
| 003 | BD-DhUL | ||
| 005 | 20160211094035.0 | ||
| 008 | 160201s bg a|||| b||| 001 0 ben | ||
| 040 |
_aBD-DhUL _cBD-DhUL |
||
| 082 |
_a954.92 _bSHE |
||
| 100 | 1 | _aচৌধুরী, শামসুল হুদা | |
| 245 | 1 | 0 |
_aএকাত্তরের রণাঙ্গন / _cশামসুল হুদা চৌধুরী |
| 260 |
_aঢাকা : _bআহমদ পাবলিশিং হাউজ, _c১৯৮৪. |
||
| 300 |
_a৫০৪ পৃ. : _bচিত্র ; _c২১ সেমি. |
||
| 502 | _aনির্ঘণ্ট এবং গ্রন্থপঞ্জিগত তথ্য সংবলিত। | ||
| 651 | 0 |
_aBangladesh _vHistory _xLiberation War |
|
| 942 |
_2ddc _cBK |
||
| 999 |
_c47604 _d47604 |
||